000 01490nas a2200397 c 4500
001 292558
003 BLK
005 20241004100303.0
008 180413b bul raner|||| |0| c1bulo|
010 _aPRD00006042000
022 _aC612-5212
040 _aBLK
041 _aBUL
_cBUL
080 _aБългарска литература
_b821.163.2
_z821.163.2
110 1 _aОрган на Щръклевското нар. ч-ще Възраждане
_eРед. кол.: Д. Добрев
_9358874
245 1 0 _aСВЕТЛОСТРУЙ
_bЛист за просвета, култура и лит.
_cОрган на Щръклевското нар. ч-ще Възраждане ; Ред. кол.: Д. Добрев
_fНачална год. на издаване: Год. 1, №1 (1928),
245 1 0 _aЮбилеен сборник на Светлоструй
_f1928-1933
245 1 0 _aБрод. Притурка към год.5 №6
_f1933
257 _aBGR
260 _bНар. ч-ще Възраждане
_c1928
300 _c40
310 _eсрок за съхранение: 99
380 _a82
852 _aВ 311
852 _aК 821.163.2/С 25
856 _qpdf
_u
856 _qpdf
_u
942 _cNSP
_n0
_s1
_05
944 _aCR
_cЙордан_Досев
_k30546
_lРенета Константинова
944 _aED
_cВаня_Йорданова
_k08.10.2015
999 _c292558
_d292558
999 _d292558
999 _d292558
999 _d292558
999 _d292558
999 _d292558